| 000 | 00698nam a2200169 4500 | ||
|---|---|---|---|
| 999 |
_c16223 _d16223 |
||
| 008 | 210811b ||||| |||| 00| 0 eng d | ||
| 022 | _a10422587 | ||
| 082 | _aDPer 658.405 En86 2016 | ||
| 100 |
_aJennings, Jennifer E. _943486 |
||
| 245 |
_aLiving the dream? Assessing the "entrepreneurship as emancipation" perspective in a developed region/ _cJennifer E. Jennings, Devereaux P. Jennings and Manely Sharifian. |
||
| 260 |
_aHoboken, NJ: _bWiley Subscription Services, Inc., _cc2016. |
||
| 300 |
_av40 n1, pages 81-110; _billustrations: _c25 cm. |
||
| 650 |
_aEntrepreneurship. _943487 |
||
| 700 |
_aJennings, D. P. _eAuthor. _943488 |
||
| 700 |
_aSharifian, M. _eAuthor. _943489 |
||
| 942 |
_2ddc _cPER |
||